000 00571nam a2200169 a 4500
008 120416s1981 ||||||||||||||||| || u
020 _a0835945715
050 _aHD 69.D4 Rad
100 _aRadford, K.J
245 1 0 _aModern managerial decision making
260 _aReston, Virginia
_bReston Pub. Co
_c1981
300 _axi, 258p : ill
350 _a0.00
650 0 _aDECISION MAKING
650 0 _aMANAGEMENT
995 _D0.00
_FCBU-MAIN LIBRARY (Kitwe)
_H1
_I0.00
_M1
_UAVAILABLE
_ZAnnex Low-Usage Collection
999 _c51480
_d51480